[Event "ESP-chT 2nd Division 2019"]
[Site "Linares"]
[Date "2019.08.21"]
[Round "4.18"]
[White "Lizuain Toni, Javier"]
[Black "Khamrakulov, Ibragim S."]
[Result "0-1"]
[WhiteElo "1884"]
[BlackElo "2429"]
[Annotator "NA"]
[PlyCount "106"]
[EventDate "2019.08.19"]
[EventType "team-tourn"]
[EventCountry "ESP"]
[SourceTitle "playchess.com"]
[Source "ChessBase"]
[SourceQuality "1"]
[TimeControl "5400+30"]

1. e4 {[%emt 0:00:00]} c5 {[%emt 0:00:00]} 2. Nf3 {[%emt 0:00:00]} e6 {[%emt 0:00:24]} 3. d4 {[%emt 0:00:45]} cxd4 {[%emt 0:00:06]} 4. Nxd4 {[%emt 0:00:12]} a6 {[%emt 0:00:07]} 5. Nc3 {[%emt 0:00:46]} Qc7 {[%emt 0:00:46]} 6. g3 {[%emt 0:00:30]} Nf6 {[%emt 0:00:33]} 7. Bg2 {[%emt 0:00:20]} Nc6 {[%emt 0:00:53]} 8. O-O {[%emt 0:00:16]} d6 {[%emt 0:00:21]} 9. Re1 {[%emt 0:00:57]} Bd7 {[%emt 0:00:19]} 10. a4 {[%emt 0:10:54]} Be7 {[%emt 0:00:41]} 11. Be3 {[%emt 0:04:24]} Ne5 {[%emt 0:07:36]} 12. h3 {[%emt 0:12:23]} Nc4 {[%emt 0:00:41]} 13. Bc1 {[%emt 0:16:32]} O-O {[%emt 0:00:20]} 14. b3 {[%emt 0:06:14]} Na5 {[%emt 0:00:53]} 15. Bb2 {[%emt 0:01:06]} Rab8 {[%emt 0:01:08]} 16. Qd3 {[%emt 0:01:56]} Rfc8 {[%emt 0:01:00]} 17. Rac1 {[%emt 0:02:08]} Qb6 {[%emt 0:07:31]} 18. Ba3 {[%emt 0:03:22]} Bf8 {[%emt 0:06:37]} 19. Red1 {[%emt 0:11:54]} Be8 {[%emt 0:02:26]} 20. Nf3 {[%emt 0:01:40]} Rd8 {[%emt 0:01:52]} 21. Qd4 {[%emt 0:04:09]} Qc7 {[%emt 0:00:41]} 22. Bb2 {[%emt 0:02:13]} Nc6 {[%emt 0:06:05]} 23. Qe3 {[%emt 0:00:56]} b5 {[%emt 0:00:27]} 24. axb5 {[%emt 0:00:15]} axb5 {[%emt 0:00:04]} 25. Ne2 {[%emt 0:01:40]} e5 {[%emt 0:04:29]} 26. Nc3 {[%emt 0:03:29]} Nb4 {[%emt 0:05:02]} 27. Ba3 {[%emt 0:05:21]} Qa5 {[%emt 0:02:26]} 28. Bxb4 {[%emt 0:01:21]} Qxb4 {[%emt 0:00:40]} 29. Ne1 {[%emt 0:00:12]} Rdc8 {[%emt 0:00:50]} 30. Nd5 {[%emt 0:01:03]} Nxd5 {[%emt 0:00:22]} 31. Rxd5 {[%emt 0:00:24]} Be7 {[%emt 0:02:05]} 32. Rcd1 {[%emt 0:01:56]} Rc7 {[%emt 0:13:16]} 33. Bf3 {[%emt 0:02:38]} Bd7 {[%emt 0:01:10]} 34. Kh2 {[%emt 0:01:25]} g6 {[%emt 0:03:04]} 35. R5d2 {[%emt 0:03:02]} h5 {[%emt 0:04:29]} 36. Rd5 {[%emt 0:00:25]} Be6 {[%emt 0:01:59]} 37. R5d3 {[%emt 0:00:41]} Kh7 {[%emt 0:00:42]} 38. Bg2 {[%emt 0:00:39]} h4 {[%emt 0:01:03]} 39. g4 {[%emt 0:00:46]} Rc6 {[%emt 0:01:10]} 40. R1d2 {[%emt 0:00:09]} Rbc8 {[%emt 0:00:49]} 41. Bf3 {[%emt 0:00:31]} Bd8 {[%emt 0:01:05]} 42. Bd1 {[%emt 0:00:26]} Bb6 {[%emt 0:02:05]} 43. Qg5 {[%emt 0:00:01]} Qxe4 {[%emt 0:01:02]} 44. Qxh4+ {[%emt 0:00:58]} Kg7 {[%emt 0:00:11]} 45. f3 {[%emt 0:00:30]} Qb4 {[%emt 0:01:59]} 46. Qg3 {[%emt 0:00:25]} Be3 {[%emt 0:01:14]} 47. Qg2 {[%emt 0:00:44]} Bxd2 {[%emt 0:02:08]} 48. Rxd2 {[%emt 0:00:09]} Qf4+ {[%emt 0:00:36]} 49. Kh1 {[%emt 0:00:17]} Ra6 {[%emt 0:00:20]} 50. Nd3 {[%emt 0:00:22]} Qf6 {[%emt 0:00:07]} 51. Nb4 {[%emt 0:01:16]} Ra1 {[%emt 0:00:17]} 52. Nd5 {[%emt 0:00:46]} Bxd5 {[%emt 0:00:35]} 53. Rxd5 {[%emt 0:00:01]} Rxc2 {[%emt 0:02:26]} 0-1

[Event "ESP-chT 2nd Division 2019"]
[Site "Linares"]
[Date "2019.08.21"]
[Round "4.19"]
[White "Soham Das"]
[Black "Roldan Marques, Marta"]
[Result "1-0"]
[WhiteElo "2339"]
[BlackElo "1886"]
[Annotator "NA"]
[PlyCount "67"]
[EventDate "2019.08.19"]
[EventType "team-tourn"]
[EventCountry "ESP"]
[SourceTitle "playchess.com"]
[Source "ChessBase"]
[SourceQuality "1"]
[TimeControl "5400+30"]

1. e4 {[%emt 0:00:00]} e5 {[%emt 0:00:00]} 2. Nf3 {[%emt 0:00:00]} Nc6 {[%emt 0:00:00]} 3. Bc4 {[%emt 0:00:00]} Bc5 {[%emt 0:00:00]} 4. O-O {[%emt 0:00:08]} Nf6 {[%emt 0:00:00]} 5. d3 {[%emt 0:00:06]} O-O {[%emt 0:00:28]} 6. h3 {[%emt 0:01:29]} d5 {[%emt 0:08:29]} 7. exd5 {[%emt 0:00:11]} Nxd5 {[%emt 0:00:05]} 8. Re1 {[%emt 0:00:40]} Re8 {[%emt 0:01:58]} 9. c3 {[%emt 0:12:51]} Nb6 {[%emt 0:08:13]} 10. Bb5 {[%emt 0:02:11]} f6 {[%emt 0:09:52]} 11. a4 {[%emt 0:03:50]} a6 {[%emt 0:04:21]} 12. Bxc6 {[%emt 0:00:35]} bxc6 {[%emt 0:00:05]} 13. a5 {[%emt 0:04:25]} Nd5 {[%emt 0:01:06]} 14. Nbd2 {[%emt 0:00:04]} Nf4 {[%emt 0:07:49]} 15. d4 {[%emt 0:01:39]} exd4 {[%emt 0:00:10]} 16. Ne4 {[%emt 0:02:22]} Ne6 {[%emt 0:03:56]} 17. cxd4 {[%emt 0:11:06]} Ba7 {[%emt 0:10:36]} 18. Be3 {[%emt 0:04:23]} Nf8 {[%emt 0:02:46]} 19. Nc3 {[%emt 0:12:29]} Ng6 20. Qa4 {[%emt 0:05:19]} Ne7 {[%emt 0:06:38]} 21. d5 {[%emt 0:09:27]} Bxe3 {[%emt 0:08:28]} 22. Rxe3 {[%emt 0:01:38]} Bd7 {[%emt 0:00:25]} 23. dxc6 {[%emt 0:03:05]} Nxc6 {[%emt 0:00:35]} 24. Rd3 {[%emt 0:04:21]} Ne5 {[%emt 0:06:58]} 25. Qa2+ {[%emt 0:01:16]} Kf8 {[%emt 0:08:10]} 26. Qa3+ {[%emt 0:03:54]} Kg8 {[%emt 0:01:04]} 27. Nxe5 {[%emt 0:02:57]} Rxe5 {[%emt 0:00:14]} 28. Rad1 {[%emt 0:01:56]} Re7 {[%emt 0:01:25]} 29. Qb3+ {[%emt 0:01:09]} Kf8 {[%emt 0:02:52]} 30. Nd5 {[%emt 0:05:03]} Be6 {[%emt 0:03:54]} 31. Nxe7 {[%emt 0:01:40]} Qxe7 {[%emt 0:00:05]} 32. Qb7 {[%emt 0:00:27]} Re8 {[%emt 0:01:16]} 33. Qxa6 {[%emt 0:00:08]} Qb4 {[%emt 0:00:33]} 34. Re3 {[%emt 0:00:06]} 1-0

[Event "ESP-chT 2nd Division 2019"]
[Site "Linares"]
[Date "2019.08.21"]
[Round "4.20"]
[White "Beaumont Arizaleta, Mikel"]
[Black "Calzetta Ruiz, Monica"]
[Result "0-1"]
[WhiteElo "1754"]
[BlackElo "2257"]
[Annotator "NA"]
[PlyCount "74"]
[EventDate "2019.08.19"]
[EventType "team-tourn"]
[EventCountry "ESP"]
[SourceTitle "playchess.com"]
[Source "ChessBase"]
[SourceQuality "1"]
[TimeControl "5400+30"]

1. c4 {[%emt 0:00:00]} e5 {[%emt 0:00:00]} 2. Nc3 {[%emt 0:00:21]} Nf6 {[%emt 0:00:06]} 3. g3 {[%emt 0:00:07]} d5 {[%emt 0:02:39]} 4. cxd5 {[%emt 0:02:46]} Nxd5 {[%emt 0:00:07]} 5. Bg2 {[%emt 0:00:45]} Nb6 {[%emt 0:00:30]} 6. d3 {[%emt 0:01:40]} Be7 {[%emt 0:00:58]} 7. Nf3 {[%emt 0:05:02]} Nc6 {[%emt 0:00:45]} 8. O-O {[%emt 0:00:15]} O-O {[%emt 0:00:16]} 9. Bd2 {[%emt 0:01:05]} Kh8 {[%emt 0:02:09]} 10. Rc1 {[%emt 0:03:12]} f5 {[%emt 0:01:14]} 11. a3 {[%emt 0:05:48]} Bf6 {[%emt 0:01:16]} 12. h4 {[%emt 0:04:49]} h6 {[%emt 0:04:09]} 13. b4 {[%emt 0:11:30]} Re8 {[%emt 0:08:45]} 14. Ne1 {[%emt 0:07:58]} a6 {[%emt 0:21:47]} 15. Na4 {[%emt 0:09:05]} Nxa4 {[%emt 0:01:48]} 16. Qxa4 {[%emt 0:03:09]} Bd7 {[%emt 0:09:55]} 17. Qd1 {[%emt 0:04:41]} Rb8 {[%emt 0:02:29]} 18. e3 {[%emt 0:05:46]} Ne7 {[%emt 0:01:39]} 19. Qc2 {[%emt 0:06:51]} Bc6 {[%emt 0:01:44]} 20. Nf3 {[%emt 0:06:46]} Qd5 {[%emt 0:04:31]} 21. Rfd1 {[%emt 0:05:21]} Rbd8 {[%emt 0:11:31]} 22. Ne1 {[%emt 0:02:15]} Qd7 {[%emt 0:00:24]} 23. Bc3 {[%emt 0:01:14]} Ba4 {[%emt 0:00:31]} 24. Qb2 {[%emt 0:00:34]} Bxd1 {[%emt 0:00:18]} 25. Rxd1 {[%emt 0:00:27]} Nd5 {[%emt 0:00:09]} 26. Bxd5 {[%emt 0:03:00]} Qxd5 {[%emt 0:00:09]} 27. Qe2 {[%emt 0:01:35]} c5 {[%emt 0:03:42]} 28. Qh5 {[%emt 0:03:14]} Qb3 {[%emt 0:01:33]} 29. Bd2 {[%emt 0:02:10]} e4 {[%emt 0:03:37]} 30. dxe4 {[%emt 0:01:46]} fxe4 {[%emt 0:00:18]} 31. Ng2 {[%emt 0:00:17]} Re5 {[%emt 0:02:43]} 32. Qg4 {[%emt 0:00:25]} Red5 {[%emt 0:00:42]} 33. Qe2 {[%emt 0:01:40]} Bc3 {[%emt 0:02:20]} 34. Nf4 {[%emt 0:00:25]} Rxd2 {[%emt 0:00:25]} 35. Rxd2 {[%emt 0:00:13]} Rxd2 {[%emt 0:00:13]} 36. Ng6+ {[%emt 0:00:29]} Kh7 {[%emt 0:00:25]} 37. Nf8+ {[%emt 0:01:01]} Kg8 0-1

[Event "ESP-chT 2nd Division 2019"]
[Site "Linares"]
[Date "2019.08.21"]
[Round "4.21"]
[White "Rios, Cristhian Camilo"]
[Black "Garcia Cuenca, Victor"]
[Result "1/2-1/2"]
[WhiteElo "2530"]
[BlackElo "2359"]
[Annotator "ChessBase"]
[PlyCount "182"]
[EventDate "2019.08.19"]
[EventType "team-tourn"]
[EventCountry "ESP"]
[SourceTitle "playchess.com"]
[Source "ChessBase"]
[SourceQuality "1"]
[TimeControl "5400+30"]

1. d4 {[%emt 0:00:00]} Nf6 {[%emt 0:00:00]} 2. c4 {[%emt 0:00:00]} c5 {[%emt 0:00:00]} 3. d5 {[%emt 0:00:00]} b5 4. cxb5 {[%emt 0:00:00]} a6 {[%emt 0:00:00]} 5. bxa6 {[%emt 0:00:05]} g6 {[%emt 0:00:00]} 6. Nc3 {[%emt 0:00:06]} Bg7 {[%emt 0:00:00]} 7. g3 {[%emt 0:00:05]} d6 {[%emt 0:00:15]} 8. Bg2 {[%emt 0:00:06]} O-O {[%emt 0:02:41]} 9. Nf3 {[%emt 0:00:07]} Nxa6 {[%emt 0:00:16]} 10. O-O {[%emt 0:01:10]} Bf5 {[%emt 0:01:29]} 11. Nh4 {[%emt 0:00:11]} Bd7 {[%emt 0:00:21]} 12. Rb1 {[%emt 0:01:25]} Qb6 {[%emt 0:04:55]} 13. h3 {[%emt 0:04:11]} Nc7 {[%emt 0:02:20]} 14. b4 {[%emt 0:06:05]} cxb4 {[%emt 0:08:17]} 15. a3 {[%emt 0:00:07]} Qc5 16. axb4 {[%emt 0:19:47]} Qxc3 {[%emt 0:09:30]} 17. Bb2 {[%emt 0:00:06]} Qc4 {[%emt 0:05:37]} 18. Rc1 {[%emt 0:00:07]} Qxb4 {[%emt 0:00:01]} 19. Bxf6 {[%emt 0:00:07]} Bxf6 {[%emt 0:00:04]} 20. Rxc7 {[%emt 0:00:11]} Bb5 {[%emt 0:00:30]} 21. Rb7 {[%emt 0:00:08]} Qc4 {[%emt 0:06:19]} 22. Bf3 {[%emt 0:00:07]} Ba6 {[%emt 0:06:59]} 23. Qb3 {[%emt 0:00:08]} Rfc8 {[%emt 0:04:24]} 24. Rb4 {[%emt 0:02:48]} Qc5 25. Rb1 {[%emt 0:02:34]} Bc4 {[%emt 0:04:51]} 26. Qd1 {[%emt 0:00:52]} Ba2 {[%emt 0:00:15]} 27. Rb5 {[%emt 0:00:06]} Qa3 {[%emt 0:00:29]} 28. Ng2 {[%emt 0:00:34]} Bxb1 {[%emt 0:00:58]} 29. Rxb1 {[%emt 0:00:06]} Rab8 {[%emt 0:03:03]} 30. Rxb8 {[%emt 0:01:25]} Rxb8 {[%emt 0:00:02]} 31. Nf4 {[%emt 0:00:11]} Qc3 {[%emt 0:00:54]} 32. Kg2 {[%emt 0:00:25]} Ra8 {[%emt 0:00:25]} 33. Qb1 {[%emt 0:07:31]} Ra1 {[%emt 0:01:40]} 34. Qb8+ {[%emt 0:00:08]} Kg7 {[%emt 0:00:10]} 35. Nd3 {[%emt 0:00:07]} Qc2 {[%emt 0:00:27]} 36. h4 {[%emt 0:00:37]} Qd1 {[%emt 0:02:28]} 37. Kh3 {[%emt 0:00:15]} Qf1+ {[%emt 0:00:23]} 38. Kh2 {[%emt 0:00:06]} Bd4 {[%emt 0:17:50]} 39. Qb4 {[%emt 0:04:04]} Bxf2 {[%emt 0:00:18]} 40. Qb2+ {[%emt 0:00:07]} f6 {[%emt 0:00:02]} 41. Bg2 {[%emt 0:00:13]} Bg1+ {[%emt 0:00:28]} 42. Kh3 {[%emt 0:00:09]} Qb1 {[%emt 0:01:17]} 43. Qc3 {[%emt 0:00:04]} Be3 {[%emt 0:00:56]} 44. Qc7 {[%emt 0:00:19]} Ra7 {[%emt 0:00:02]} 45. Qc8 {[%emt 0:00:09]} Qb7 {[%emt 0:01:09]} 46. Qc4 {[%emt 0:00:25]} Qd7+ {[%emt 0:00:10]} 47. Kh2 {[%emt 0:00:15]} Ra1 {[%emt 0:00:29]} 48. Bf3 {[%emt 0:00:19]} Ra4 {[%emt 0:03:28]} 49. Qb3 {[%emt 0:00:18]} Qa7 {[%emt 0:00:58]} 50. Qb5 {[%emt 0:00:29]} h5 {[%emt 0:00:57]} 51. Qe8 {[%emt 0:00:43]} Rc4 {[%emt 0:01:49]} 52. Qd8 {[%emt 0:00:57]} Qc7 {[%emt 0:01:10]} 53. Qe8 {[%emt 0:00:15]} Rd4 {[%emt 0:00:30]} 54. Kg2 {[%emt 0:00:38]} Rc4 {[%emt 0:04:07]} 55. Qb5 {[%emt 0:00:32]} Qc8 {[%emt 0:00:28]} 56. Qb3 {[%emt 0:00:34]} g5 {[%emt 0:01:29]} 57. hxg5 {[%emt 0:00:30]} h4 {[%emt 0:00:30]} 58. gxf6+ {[%emt 0:00:30]} exf6 {[%emt 0:00:02]} 59. Nb2 {[%emt 0:02:35]} Rc3 {[%emt 0:00:29]} 60. Qb4 {[%emt 0:00:15]} h3+ {[%emt 0:01:13]} 61. Kh2 {[%emt 0:00:07]} Rc1 {[%emt 0:00:16]} 62. Qg4+ {[%emt 0:02:02]} Qxg4 {[%emt 0:00:19]} 63. Bxg4 {[%emt 0:00:05]} Kg6 {[%emt 0:02:38]} 64. Nd3 {[%emt 0:00:12]} Ra1 {[%emt 0:00:29]} 65. Kxh3 {[%emt 0:00:40]} Kg5 {[%emt 0:00:33]} 66. Bf3 {[%emt 0:00:10]} Bd4 {[%emt 0:01:01]} 67. Kg2 {[%emt 0:00:17]} Be5 {[%emt 0:00:15]} 68. Kf2 {[%emt 0:00:17]} f5 {[%emt 0:00:16]} 69. Kg2 {[%emt 0:00:17]} Kf6 {[%emt 0:00:10]} 70. Kf2 {[%emt 0:00:46]} Ra8 {[%emt 0:00:08]} 71. Nf4 {[%emt 0:00:33]} Rg8 {[%emt 0:00:33]} 72. Nh5+ {[%emt 0:00:20]} Kg5 {[%emt 0:00:12]} 73. e3 {[%emt 0:00:07]} Rh8 {[%emt 0:01:00]} 74. Nf4 {[%emt 0:00:09]} Rh2+ {[%emt 0:00:20]} 75. Kf1 {[%emt 0:00:08]} Ra2 {[%emt 0:01:01]} 76. Be2 {[%emt 0:00:58]} Rd2 {[%emt 0:01:07]} 77. Ke1 {[%emt 0:00:38]} Bc3 {[%emt 0:00:09]} 78. Kf1 {[%emt 0:00:37]} Kf6 {[%emt 0:00:41]} 79. Bf3 {[%emt 0:00:05]} Bb4 {[%emt 0:00:14]} 80. Be2 {[%emt 0:00:55]} Ra2 {[%emt 0:00:22]} 81. Kf2 {[%emt 0:00:25]} Bc5 {[%emt 0:00:14]} 82. Kf3 {[%emt 0:00:13]} Ra3 {[%emt 0:00:27]} 83. Bd3 {[%emt 0:00:07]} Rc3 {[%emt 0:00:48]} 84. Ke2 {[%emt 0:01:48]} Rb3 {[%emt 0:00:07]} 85. Kf3 {[%emt 0:00:08]} Ke5 {[%emt 0:01:15]} 86. Ke2 {[%emt 0:00:21]} Bb6 {[%emt 0:00:09]} 87. Kf3 {[%emt 0:00:09]} Bd8 {[%emt 0:00:24]} 88. Ng6+ {[%emt 0:01:02]} Kxd5 {[%emt 0:00:33]} 89. Bxf5 {[%emt 0:00:30]} Bb6 {[%emt 0:00:30]} 90. Nf4+ {[%emt 0:00:30]} Ke5 {[%emt 0:00:30]} 91. Bd3 {[%emt 0:00:30]} d5 {[%emt 0:00:30]} 1/2-1/2

[Event "ESP-chT 2nd Division 2019"]
[Site "Linares"]
[Date "2019.08.21"]
[Round "4.22"]
[White "Sanchez Gonzalez, Sergio"]
[Black "Sosa, Tomas"]
[Result "0-1"]
[WhiteElo "2299"]
[BlackElo "2508"]
[Annotator "ChessBase"]
[PlyCount "66"]
[EventDate "2019.08.19"]
[EventType "team-tourn"]
[EventCountry "ESP"]
[SourceTitle "playchess.com"]
[Source "ChessBase"]
[SourceQuality "1"]
[TimeControl "5400+30"]

1. e4 {[%emt 0:00:00]} c5 {[%emt 0:00:00]} 2. Nf3 {[%emt 0:00:00]} Nc6 {[%emt 0:00:00]} 3. Nc3 {[%emt 0:00:00]} d6 {[%emt 0:00:40]} 4. Bb5 {[%emt 0:01:19]} Bg4 {[%emt 0:04:31]} 5. h3 {[%emt 0:03:36]} Bh5 {[%emt 0:00:10]} 6. g4 {[%emt 0:03:42]} Bg6 {[%emt 0:00:06]} 7. d4 {[%emt 0:00:06]} cxd4 {[%emt 0:10:03]} 8. Nxd4 {[%emt 0:00:08]} Qd7 {[%emt 0:04:23]} 9. f4 {[%emt 0:10:34]} e5 {[%emt 0:00:43]} 10. Nf3 {[%emt 0:04:37]} exf4 {[%emt 0:09:05]} 11. Bxf4 {[%emt 0:01:21]} a6 {[%emt 0:09:11]} 12. Bxc6 {[%emt 0:01:58]} Qxc6 {[%emt 0:06:30]} 13. Qd4 {[%emt 0:02:07]} Nf6 {[%emt 0:11:06]} 14. O-O-O {[%emt 0:03:26]} Be7 {[%emt 0:03:40]} 15. e5 {[%emt 0:08:36]} dxe5 {[%emt 0:01:07]} 16. Nxe5 {[%emt 0:00:07]} Qc5 {[%emt 0:00:07]} 17. g5 {[%emt 0:05:14]} Qxd4 {[%emt 0:03:26]} 18. Rxd4 {[%emt 0:00:05]} Nh5 {[%emt 0:00:07]} 19. Nxg6 {[%emt 0:10:04]} hxg6 {[%emt 0:00:10]} 20. Bd6 {[%emt 0:00:05]} Bxg5+ {[%emt 0:02:21]} 21. Kb1 {[%emt 0:00:06]} f5 {[%emt 0:01:05]} 22. Rc4 {[%emt 0:03:22]} Rd8 {[%emt 0:03:05]} 23. Re1+ {[%emt 0:00:10]} Kf7 {[%emt 0:00:36]} 24. Rc7+ {[%emt 0:11:06]} Kg8 {[%emt 0:00:09]} 25. Be7 {[%emt 0:00:10]} Re8 {[%emt 0:00:44]} 26. Nd5 {[%emt 0:03:51]} Nf4 {[%emt 0:03:47]} 27. c4 {[%emt 0:00:06]} Rxh3 {[%emt 0:03:48]} 28. Rxb7 {[%emt 0:00:06]} Nxd5 {[%emt 0:01:25]} 29. cxd5 {[%emt 0:00:07]} Rd3 {[%emt 0:00:09]} 30. Rd7 {[%emt 0:05:20]} Rxe7 {[%emt 0:00:27]} 31. Rexe7 {[%emt 0:00:06]} Bxe7 {[%emt 0:00:11]} 32. Rxe7 {[%emt 0:00:04]} Rxd5 {[%emt 0:00:11]} 33. Re6 {[%emt 0:00:19]} g5 {[%emt 0:00:39]} 0-1

[Event "ESP-chT 2nd Division 2019"]
[Site "Linares"]
[Date "2019.08.21"]
[Round "4.23"]
[White "Garriga Cazorla, Pere"]
[Black "Moreno Ibanez, Miguel"]
[Result "1-0"]
[WhiteElo "2495"]
[BlackElo "2272"]
[Annotator "ChessBase"]
[PlyCount "63"]
[EventDate "2019.08.19"]
[EventType "team-tourn"]
[EventCountry "ESP"]
[SourceTitle "playchess.com"]
[Source "ChessBase"]
[SourceQuality "1"]
[TimeControl "5400+30"]

1. d4 {[%emt 0:00:00]} Nf6 {[%emt 0:00:00]} 2. c4 {[%emt 0:00:00]} g6 {[%emt 0:00:19]} 3. Nc3 {[%emt 0:00:00]} Bg7 {[%emt 0:00:10]} 4. Nf3 {[%emt 0:00:19]} O-O {[%emt 0:00:18]} 5. g3 {[%emt 0:00:04]} d6 {[%emt 0:00:25]} 6. Bg2 {[%emt 0:00:04]} c6 {[%emt 0:00:51]} 7. O-O {[%emt 0:01:00]} Qa5 {[%emt 0:00:12]} 8. e4 {[%emt 0:04:41]} Bg4 {[%emt 0:00:41]} 9. h3 {[%emt 0:00:40]} Bxf3 {[%emt 0:00:10]} 10. Bxf3 {[%emt 0:00:05]} Nfd7 {[%emt 0:00:44]} 11. Be3 {[%emt 0:06:26]} c5 {[%emt 0:01:37]} 12. dxc5 {[%emt 0:03:36]} Nxc5 {[%emt 0:08:45]} 13. Nd5 {[%emt 0:11:00]} Qd8 {[%emt 0:04:13]} 14. Rb1 {[%emt 0:08:53]} a5 {[%emt 0:07:45]} 15. Bg2 {[%emt 0:03:14]} Nc6 {[%emt 0:01:01]} 16. f4 {[%emt 0:00:04]} e6 {[%emt 0:48:56]} 17. Nc3 {[%emt 0:01:09]} Qe7 {[%emt 0:01:34]} 18. Qd2 {[%emt 0:02:02]} f5 {[%emt 0:06:40]} 19. exf5 {[%emt 0:01:14]} gxf5 {[%emt 0:01:03]} 20. Bf2 {[%emt 0:03:39]} Rad8 {[%emt 0:01:52]} 21. Rfe1 {[%emt 0:01:58]} Qf6 {[%emt 0:04:10]} 22. Rbd1 {[%emt 0:01:36]} Qg6 {[%emt 0:01:08]} 23. Qc2 {[%emt 0:00:31]} h5 {[%emt 0:05:49]} 24. Kh2 {[%emt 0:00:29]} Qh6 {[%emt 0:01:24]} 25. h4 {[%emt 0:05:57]} e5 {[%emt 0:01:41]} 26. Bxc6 {[%emt 0:01:19]} bxc6 {[%emt 0:00:10]} 27. fxe5 {[%emt 0:00:05]} f4 {[%emt 0:01:16]} 28. exd6 {[%emt 0:01:13]} fxg3+ {[%emt 0:00:33]} 29. Bxg3 {[%emt 0:00:07]} Ne6 {[%emt 0:00:30]} 30. Qe4 {[%emt 0:00:22]} Nf4 {[%emt 0:00:14]} 31. d7 {[%emt 0:00:43]} Kh8 {[%emt 0:00:48]} 32. c5 {[%emt 0:02:29]} 1-0

[Event "ESP-chT 2nd Division 2019"]
[Site "Linares"]
[Date "2019.08.21"]
[Round "4.24"]
[White "Perez Gonzalez, Jose Manuel"]
[Black "Fernandez Diaz, Cristian"]
[Result "0-1"]
[WhiteElo "2218"]
[BlackElo "2303"]
[Annotator "NA"]
[PlyCount "106"]
[EventDate "2019.08.19"]
[EventType "team-tourn"]
[EventCountry "ESP"]
[SourceTitle "playchess.com"]
[Source "ChessBase"]
[SourceQuality "1"]
[TimeControl "5400+30"]

1. e4 {[%emt 0:00:00]} c5 {[%emt 0:00:00]} 2. Nf3 {[%emt 0:00:00]} Nc6 {[%emt 0:00:00]} 3. d4 {[%emt 0:00:00]} cxd4 {[%emt 0:00:00]} 4. Nxd4 {[%emt 0:00:00]} g6 {[%emt 0:00:00]} 5. Nc3 {[%emt 0:00:02]} Bg7 {[%emt 0:00:04]} 6. Be3 {[%emt 0:00:04]} Nf6 {[%emt 0:00:08]} 7. Bc4 {[%emt 0:00:10]} Qa5 {[%emt 0:00:07]} 8. O-O {[%emt 0:00:20]} O-O {[%emt 0:00:05]} 9. Bb3 {[%emt 0:00:33]} d6 {[%emt 0:00:06]} 10. h3 {[%emt 0:00:09]} Bd7 {[%emt 0:00:05]} 11. Re1 {[%emt 0:00:18]} Rfc8 {[%emt 0:00:05]} 12. Nd5 {[%emt 0:01:16]} Qd8 {[%emt 0:00:28]} 13. Bg5 {[%emt 0:02:13]} e6 {[%emt 0:12:42]} 14. Nxc6 {[%emt 0:04:17]} Bxc6 {[%emt 0:00:37]} 15. Nxf6+ {[%emt 0:00:21]} Bxf6 {[%emt 0:00:06]} 16. Bxf6 {[%emt 0:00:06]} Qxf6 {[%emt 0:00:05]} 17. c3 {[%emt 0:00:12]} Qe5 {[%emt 0:08:01]} 18. Qd4 {[%emt 0:16:58]} Qxd4 {[%emt 0:01:20]} 19. cxd4 {[%emt 0:00:10]} Bd7 {[%emt 0:00:45]} 20. Rac1 {[%emt 0:09:53]} a5 {[%emt 0:01:20]} 21. a3 {[%emt 0:01:01]} Kf8 {[%emt 0:01:23]} 22. f3 {[%emt 0:00:18]} Ke7 {[%emt 0:00:20]} 23. Kf2 {[%emt 0:00:05]} Ra6 {[%emt 0:02:10]} 24. Rxc8 {[%emt 0:00:10]} Bxc8 {[%emt 0:00:05]} 25. Rc1 {[%emt 0:00:10]} Kd8 {[%emt 0:00:05]} 26. Ba4 {[%emt 0:01:25]} Rb6 {[%emt 0:01:59]} 27. Rc2 {[%emt 0:01:13]} Bd7 {[%emt 0:01:54]} 28. Bxd7 {[%emt 0:00:08]} Kxd7 {[%emt 0:00:02]} 29. Ke3 {[%emt 0:00:32]} Rb3+ {[%emt 0:01:26]} 30. Kd2 {[%emt 0:00:18]} f5 {[%emt 0:00:36]} 31. exf5 {[%emt 0:01:36]} exf5 {[%emt 0:04:22]} 32. Kc1 {[%emt 0:00:29]} Rd3 {[%emt 0:06:43]} 33. Rd2 {[%emt 0:02:06]} Re3 {[%emt 0:01:45]} 34. Kd1 {[%emt 0:05:58]} b5 {[%emt 0:06:51]} 35. Re2 {[%emt 0:00:39]} Rxe2 {[%emt 0:04:29]} 36. Kxe2 {[%emt 0:00:04]} Ke6 {[%emt 0:00:03]} 37. h4 {[%emt 0:32:03]} f4 {[%emt 0:10:40]} 38. Kd3 {[%emt 0:01:15]} d5 {[%emt 0:00:15]} 39. Ke2 {[%emt 0:03:41]} Kf5 {[%emt 0:03:14]} 40. Kf2 {[%emt 0:01:21]} h6 {[%emt 0:01:30]} 41. b4 {[%emt 0:00:52]} axb4 {[%emt 0:00:25]} 42. axb4 {[%emt 0:00:04]} g5 {[%emt 0:00:24]} 43. Kg1 {[%emt 0:01:32]} Kf6 {[%emt 0:06:41]} 44. Kh2 {[%emt 0:00:37]} Kg6 {[%emt 0:00:26]} 45. hxg5 {[%emt 0:14:24]} Kxg5 {[%emt 0:00:38]} 46. Kh3 {[%emt 0:03:11]} h5 {[%emt 0:00:09]} 47. Kh2 {[%emt 0:00:40]} Kh4 {[%emt 0:00:06]} 48. Kg1 {[%emt 0:00:12]} Kg3 {[%emt 0:00:05]} 49. Kf1 {[%emt 0:00:09]} h4 {[%emt 0:00:07]} 50. Kg1 {[%emt 0:00:16]} h3 {[%emt 0:00:14]} 51. gxh3 {[%emt 0:00:47]} Kxh3 {[%emt 0:00:45]} 52. Kf2 {[%emt 0:00:57]} Kh2 {[%emt 0:00:05]} 53. Ke2 {[%emt 0:00:39]} Kg2 {[%emt 0:00:06]} 0-1